| 000 | 00748cam a2200253 i 4500 | ||
|---|---|---|---|
| 001 | 200001188 | ||
| 003 | TR-AnTOB | ||
| 005 | 20240805101748.0 | ||
| 007 | ta | ||
| 008 | 161108b a 000 0 eng | ||
| 040 |
_aTR-AnTOB _beng _erda _cTR-AnTOB |
||
| 041 | _aeng | ||
| 050 |
_aK1401 _b.F63 2005 |
||
| 090 |
_aK1401 _b.F63 2005 |
||
| 245 | 0 | 0 | _aFocus on intellectual property rights. |
| 264 | 1 |
_aUSA : _bU.S. Department of State Bureau of International Information Programs, _c2005. |
|
| 300 |
_a108 pages : _bcolor illustrations ; _c25 cm |
||
| 336 |
_2rdacontent _atext |
||
| 337 |
_2rdamedia _aunmediated |
||
| 338 |
_2rdacarrier _avolume |
||
| 650 | 0 |
_920102 _aIntellectual property |
|
| 942 |
_cBK _2lcc |
||
| 999 |
_c200001188 _d25452 |
||